Sofia Coppola Actors - Sudden Death - Statistics

General Stats
  • This quiz has been taken 79 times
  • The average score is 6 of 16
Answers on the Grid
Answers color-coded by a green-red scale on the quiz's grid according to % correct below.
Kirsten Dunst
Jason Schwartzman
Bill Murray
Daryl Hannah
Channing Tatum
Walton Goggins
Colin Farrell
Dafne Keen
Jonah Hill
Leslie Mann
Emma Watson
Marlon Wayans
Rip Torn
Scarlett Johansson
Jeremy Renner
Christopher Lloyd
Miley Cyrus
Elle Fanning
Ally Sheedy
Anna Faris
Nicole Kidman
Sheri Moon Zombie
Hailee Steinfeld
Hayden Christensen
Danny DeVito
James Woods
John Lithgow
Bai Ling
Tommy Wiseau
Michael Rooker
 
Answer Stats
Answer % Correct
Kirsten Dunst
92%
Bill Murray
73%
Elle Fanning
68%
Scarlett Johansson
61%
Emma Watson
58%
Jason Schwartzman
56%
Nicole Kidman
44%
Colin Farrell
37%
James Woods
31%
Anna Faris
25%
Danny DeVito
25%
Hayden Christensen
25%
Leslie Mann
24%
Miley Cyrus
12%
Marlon Wayans
10%
Rip Torn
8%
No matching quizzes found
Score Distribution
Percent of People with Each Score
Percentile by Number Answered
Your Score History
You have not taken this quiz